Introducción al Manual del Empleade/ (Record no. 3032)

MARC details
000 -LEADER
campo de control de longitud fija 00972nam a22002657a 4500
003 - IDENTIFICADOR DE NÚMERO DE CONTROL
campo de control OSt
005 - FECHA Y HORA DE LA ÚLTIMA TRANSACCIÓN
campo de control 20230202090044.0
008 - DATOS DE LONGITUD FIJA--INFORMACIÓN GENERAL
campo de control de longitud fija 221006b |||||||| |||| 00| 0 eng d
040 ## - FUENTE DE CATALOGACIÓN
Centro/agencia transcriptor Biblioteca Lado V
082 ## - NÚMERO DE LA CLASIFICACIÓN DECIMAL DEWEY
Número de clasificación 707
Número de ítem G171i
100 ## - ENTRADA PRINCIPAL--NOMBRE DE PERSONA
9 (RLIN) 724
Nombre de persona Gallisá Muriente, Sofía
Término indicativo de función/relación autora
245 ## - MENCIÓN DEL TÍTULO
Título Introducción al Manual del Empleade/
260 ## - PUBLICACIÓN, DISTRIBUCIÓN, ETC.
Lugar de publicación, distribución, etc. Costa Rica
Nombre del editor, distribuidor, etc. ARS TEOR/eTica
-- Beta-Local
-- Taller de ediciones económicas
Fecha de publicación, distribución, etc. 2022
300 ## - DESCRIPCIÓN FÍSICA
Dimensiones 22x16cm
Extensión 164p.
490 ## - MENCIÓN DE SERIE
Designación de volumen o secuencia 06
650 #0 - PUNTO DE ACCESO ADICIONAL DE MATERIA--TÉRMINO DE MATERIA
Fuente del encabezamiento o término Tesauro de Arte & Arquitectura
Término de materia o nombre geográfico como elemento de entrada TEORIA
9 (RLIN) 702
650 ## - PUNTO DE ACCESO ADICIONAL DE MATERIA--TÉRMINO DE MATERIA
Fuente del encabezamiento o término Tesauro de Arte & Arquitectura
Término de materia o nombre geográfico como elemento de entrada LITERATURA
650 ## - PUNTO DE ACCESO ADICIONAL DE MATERIA--TÉRMINO DE MATERIA
Fuente del encabezamiento o término Tesauro de Arte & Arquitectura
Término de materia o nombre geográfico como elemento de entrada ARTE - PEDAGOGIA
650 ## - PUNTO DE ACCESO ADICIONAL DE MATERIA--TÉRMINO DE MATERIA
Fuente del encabezamiento o término Tesauro de Arte & Arquitectura
Término de materia o nombre geográfico como elemento de entrada ARTE - DIFUSION
700 ## - ENTRADA AGREGADA--NOMBRE PERSONAL
Nombre de persona Guardiola, Pablo
Término indicativo de función/relación (colaborador)
700 ## - ENTRADA AGREGADA--NOMBRE PERSONAL
Nombre de persona Linares, Michael
Término indicativo de función/relación (colaborador)
700 ## - ENTRADA AGREGADA--NOMBRE PERSONAL
Nombre de persona Piedra, Paula
Término indicativo de función/relación (colaboradora)
700 ## - ENTRADA AGREGADA--NOMBRE PERSONAL
Nombre de persona Pradilla, Nicolas
Término indicativo de función/relación (colaborador)
942 ## - ELEMENTOS DE ENTRADA SECUNDARIOS (KOHA)
Fuente del sistema de clasificación o colocación Clasificación Decimal Dewey
Tipo de ítem Koha Libros
Parte de la signatura que corresponde a la clasificación (Parte de la clasificación) 707
Parte de la signatura que identifica el ejemplar (Parte del ítem) G171i
Suprimir en OPAC No
Holdings
Estatus retirado Estado de pérdida Fuente del sistema de clasificación o colocación Estado de daño No para préstamo Biblioteca de origen Biblioteca actual Fecha de adquisición Número de inventario Total de préstamos Signatura topográfica completa Código de barras Visto por última vez Precio de reemplazo Tipo de ítem Koha
    Clasificación Decimal Dewey     Biblioteca LadoV Biblioteca LadoV 02/02/2023 005142   707 G171i 005142 02/02/2023 02/02/2023 Libros